| 000 | 00882cam a2200277 i 4500 | ||
|---|---|---|---|
| 001 | 17772188 | ||
| 005 | 20150115122234.0 | ||
| 008 | 130611s2014 xxka frb f001 0 eng d | ||
| 010 | _a2013019087 | ||
| 020 | _a9780521860291 | ||
| 040 |
_aDLC _beng _cDLC _dEG-ScBUE |
||
| 082 | 0 | 0 |
_a621.36 _222 _bDAV |
| 100 | 1 |
_aDavis, Christopher C., _d1944- _937185 |
|
| 245 | 1 | 0 |
_aLasers and electro-optics / _cChristopher C. Davis. |
| 250 | _a2nd ed. | ||
| 260 |
_aCambridge, United Kingdom ; _aNew York, United States : _bCambridge University Press, _c2014. |
||
| 300 |
_axvii, 867 p. : _bill. ; _c26 cm. |
||
| 500 | _aIncludes appendixes. | ||
| 500 | _aIndex : p. 853-867. | ||
| 504 | _aIncludes bibliographical references. | ||
| 650 | 0 |
_aLasers _96536 |
|
| 650 | 0 |
_aElectrooptics _937186 |
|
| 653 |
_bENGELC _cJanuary2015 |
||
| 655 |
_vreading book _934232 |
||
| 942 |
_2ddc _k621.36 DAV |
||
| 999 |
_c18885 _d18857 |
||